[Event "RUS-chT 07th"]
[Site "Smolensk"]
[Date "2000.04.18"]
[Round "4"]
[White "Svidler, Peter"]
[Black "Dreev, Alexey"]
[Result "1-0"]
[WhiteElo "2672"]
[BlackElo "2680"]
[Annotator "Lukacs,P"]
[PlyCount "105"]
[EventDate "2000.04.15"]
[EventType "team-tourn"]
[EventRounds "11"]
[EventCountry "RUS"]
[SourceTitle "CBM 077"]
[Source "ChessBase"]
[SourceDate "2000.07.27"]
[SourceVersion "1"]
[SourceVersionDate "2000.07.27"]
[SourceQuality "1"]
[WhiteTeam "Sankt Petersburg Chess Federation"]
[BlackTeam "Maykop Universitet"]
[WhiteTeamCountry "RUS"]
[BlackTeamCountry "RUS"]

1. e4 c6 2. d4 d5 3. e5 Bf5 4. Nc3 e6 5. g4 Bg6 6. Nge2 Ne7 7. Nf4 c5 {This is
a very sharp variation which chances for both sides.} 8. dxc5 (8. h4 {-
Kotronias-Boaziz FIDE-Wch k.o. Las Vegas 1999 Cbm 72}) 8... Nec6 (8... Nbc6 {
deserves attention as well, for example:} 9. h4 d4 10. h5 Bxc2 11. Qxc2 dxc3
12. Qxc3 Qd4 13. Qxd4 Nxd4 14. Bg2 Nec6 15. O-O Bxc5 $11 {
Smirnov-Chiburdanidze, RUS-Cup Ekaterinburg 1997}) 9. h4 Qc7 (9... Nxe5 10.
Bb5+ (10. Bg2 h6 $1 {Now the B can retreat.} (10... Bxc5 $2 {is certainly met
by} 11. h5) 11. Qe2 Nbc6 12. Nxg6 (12. Ncxd5 Bxc5 {and Black can successfully
finish his development.}) 12... Nxg6 13. Nxd5 Rc8 $15 {and White has committed
some weaknesses on the >> without grabbing the |^.}) (10. h5 Be4 11. Nxe4 dxe4
12. Qxd8+ Kxd8 13. Bg2 Nbd7 $5 (13... Nbc6 14. Bxe4 Nxg4 {is also worthy of
attention.}) 14. b4 Nf3+ 15. Bxf3 exf3 16. Bb2 a5 17. a3 axb4 18. axb4 Rxa1+
19. Bxa1 b6 $13 {blowing up White's P chain on the <<.}) 10... Nbc6 11. Qe2 Be4
$1 (11... Qd7 {puts the Q into a nasty pin.} 12. Be3 O-O-O 13. O-O-O f6 14.
Nxg6 hxg6 15. f4 Nf7 16. Bf2 Re8 17. Rhe1 Re7 {(Schaack-Kierzek, Hessenliga
1996)} 18. Bd3 f5 19. g5 $16 {with a huge space advantage for |_hite.}) 12.
Nxe4 dxe4 13. Bxc6+ Nxc6 14. Qxe4 Qd4 $11 {heading for a comfortable _|_.}) 10.
Bg2 (10. h5 $6 {is useless because of} Qxe5+ 11. Be2 Be4 $15) 10... Qxe5+ 11.
Nce2 (11. Kf1 $5 d4 (11... Qd4 12. Qe2 Qxc5 (12... Bxc5 $2 {is feeble because
of the double ->} 13. Nb5) 13. Nb5 (13. Nxg6 {is also interesting} hxg6 14.
Nxd5 Nd4 15. Be3 $1 Nxe2 16. Bxc5) 13... Kd8 14. Nxg6 hxg6 15. Be3 Qc4 16. Qxc4
dxc4 17. Rd1+ Kc8 18. f4 $44 {and White has a strong ^^ and the lead of
development for the P.}) (11... Nb4 $6 {can be met by the cold-blooded} 12. a3
$5) 12. Nxg6 hxg6 13. Nb5 Na6 {Other tries fail:} (13... Bxc5 $2 14. f4) (13...
Kd8 $2 14. Nxd4 $1) 14. Bxc6+ bxc6 15. Qf3 Qd5 (15... Qxc5 $6 16. Nxd4 $1) 16.
Qxd5 cxd5 (16... exd5 17. Nxd4) 17. c6 Bc5 $11) 11... Bxc5 $2 {Black clearly
overestimates his position. The time was not ripe for the piece sacrifice yet.}
(11... d4 $1 {looks stronger} 12. h5 (12. f3 Qxc5) 12... Be4 13. f3 Bd5 14.
Nxd5 Qxd5 {solving Black' s problem of the vulnerable B.}) (11... Nb4 $6 {
on the other hand is only a loss of a tempo after} 12. Nxg6 hxg6 13. c3 $16)
12. h5 Be4 13. f3 {Now Black certainly has some play for the piece, but this
is not enough.} f5 (13... g5 14. Nh3 $1 Bxc2 15. Qxc2 Nd4 16. Qd3 Nbc6 17. a3
$16 {and White consolidates his position.}) 14. fxe4 fxe4 (14... dxe4 15. gxf5
exf5 16. Qd5 $16) 15. Nxe6 $1 {White gives back the material immediately
ruining Black's mighty central P formation.} Qxe6 16. Nf4 Qe5 17. Qxd5 Qxd5 (
17... Bb4+ $1 {was a chance for fishing in troubled waters.} 18. Ke2 $1 (18.
Kd1 $6 {runs into checks on the d <->.} Na6 $1 19. Qxe5+ (19. Qxe4 $2 O-O-O+
20. Nd3 Nc5 $44) 19... Nxe5 20. c3 Rd8+ {This is more active than} (20... Be7
21. Bxe4 Rd8+ 22. Kc2) 21. Kc2 Bd6 22. Bxe4 Nc5 23. Bf5) 18... Nd4+ 19. Kd1
Nbc6 20. c3 Qxd5 21. Nxd5 O-O-O 22. Bxe4 Rhe8 23. Bg2 Re2 24. Rg1 Rxg2 25. Rxg2
Rxd5 26. Bd2 {winning material.}) 18. Nxd5 O-O (18... Nb4 19. Nxb4 Bxb4+ 20. c3
Bd6 21. Bxe4 $18) (18... Na6 19. h6 $1) 19. Bd2 (19. Nc7 $5) 19... Bf2+ (19...
Nd7 20. O-O-O) 20. Kd1 Na6 21. h6 (21. Bxe4 Nc5 22. Bg2 Rae8 23. h6 g6 24. Rf1
$16 {and White is a healthy P up.}) 21... Rfe8 22. hxg7 Bd4 23. c3 Rad8 $1 (
23... Bxg7 24. Re1) 24. Rh5 $1 (24. cxd4 Rxd5 $11) 24... Bxg7 25. Kc2 (25. Ne3
Re5 26. Kc2 Rxh5 27. gxh5 Nc5 28. Rg1 Kf7 29. Nf5 $16 {with many threats and a
strong ^^.}) 25... Nc5 26. Be3 (26. Rah1 $16) 26... Nd3 27. Rd1 Rd6 28. a3 (28.
Bxe4 Rxe4 29. Rxd3 $16 {and White still holds the P.}) 28... Rg6 29. g5 Re5 30.
Rh4 Rge6 31. Nf4 Re8 32. Nh5 Bh8 33. Nf6+ Bxf6 34. gxf6 h5 (34... R8e6 35. f7+
$1) 35. Bxe4 Rxe4 36. Rxe4 Rxe4 37. Kxd3 $18 {eliminating Black's last active
piece the _|_ is won for White without any troubles.} Rg4 38. Ke2 Rg2+ 39. Bf2
Ne5 40. Kf1 Rg6 41. Rd5 Nc4 42. Rd8+ Kf7 43. Bd4 Nd2+ 44. Ke2 Nb3 45. Rd7+ Ke8
46. Re7+ Kf8 47. Be5 Na5 48. Rc7 Kg8 49. Bd4 Nb3 50. Bxa7 h4 51. Rxb7 h3 52.
Rb8+ Kf7 53. Rxb3 1-0

[Event "FIDE-Wch k.o."]
[Site "Moscow"]
[Date "2001.12.05"]
[Round "4.2"]
[White "Ehlvest, Jaan"]
[Black "Bareev, Evgeny"]
[Result "0-1"]
[WhiteElo "2626"]
[BlackElo "2719"]
[Annotator "Ftacnik,L"]
[PlyCount "52"]
[EventDate "2001.11.27"]
[EventType "k.o."]
[EventRounds "7"]
[EventCountry "RUS"]
[SourceTitle "CBM 086"]
[Source "ChessBase"]
[SourceDate "2002.02.05"]
[SourceVersion "1"]
[SourceVersionDate "2002.02.05"]
[SourceQuality "1"]

1. e4 c6 2. d4 d5 3. e5 Bf5 4. Nc3 e6 5. g4 Bg6 6. Nge2 c5 7. h4 h5 8. Nf4 Bh7
9. Bb5+ Nc6 10. Nxh5 cxd4 11. Qxd4 Nge7 12. Bg5 a6 13. Bxc6+ Nxc6 14. Qa4 b5
15. Qf4 Qc7 16. O-O-O $2 {Very strange novelty, that sends white king into the
real danger. In the Sicilian black can never dream to put his attacking bishop
to h7.} (16. O-O Bg6 17. Ng3 Qxe5 18. Qd2 Bc5 19. Kg2 Qd4 20. Qe2 Qc4 {1/2-1/2
Orso,M-Kallai,G/Budapest 2000/ (48)}) 16... b4 17. Nxd5 (17. Ne2 Nxe5 18. c3
Bg6 $17) 17... exd5 18. Rd2 (18. Rxd5 Nd4 $19) (18. e6 Qxf4+ 19. Nxf4 d4 20.
Nd5 Bd6 $17) 18... Nd8 19. Bxd8 (19. Qg3 Ne6 20. Nf4 Nxf4 21. Bxf4 Qc4 $19)
19... Rxd8 20. Re1 (20. e6 Qxf4 21. Nxf4 Be4 $17) 20... Bg6 $1 {Black is a
piece up and white's options are limited.} 21. Qf3 (21. e6 Qxf4 (21... Bd6 $2
22. Nxg7+ Kf8 23. Qd4 Rh7 24. Nf5 $11) 22. Nxf4 Rxh4 23. Nxd5 Bd6 $19) 21...
Bxh5 22. e6 (22. gxh5 Qc6 $19) 22... Bd6 (22... Bg6 $2 23. exf7+ Kd7 24. Qxd5+
Bd6 25. Re6 $18) 23. Rde2 (23. exf7+ Kf8 24. Re8+ Rxe8 25. fxe8=Q+ Kxe8 26.
Re2+ Kd8 27. gxh5 Qc4 $19) 23... Qc4 {If Bareev survives the attack white can
as well resign.} (23... Bg6 $2 24. exf7+ Kd7 25. Qxd5 Kc8 26. Qa8+ Qb8 27. Qc6+
$11) (23... Bf4+ 24. Kd1 Qc4 $19) 24. exf7+ (24. gxh5 Qf4+ $19) 24... Kd7 25.
Re7+ (25. gxh5 Qxa2 26. Re8 Rdxe8 27. fxe8=Q+ Rxe8 28. Qg4+ Kd8 $19) 25... Bxe7
26. Qf5+ Kc6 (26... Kc6 27. Rxe7 Bxg4 28. Qe5 Qf1+ $19) 0-1

[Event "Dos Hermanas"]
[Site "Dos Hermanas"]
[Date "1997.04.10"]
[Round "8"]
[White "Short, Nigel D"]
[Black "Karpov, Anatoly"]
[Result "0-1"]
[WhiteElo "2690"]
[BlackElo "2760"]
[Annotator "Blatny,P"]
[PlyCount "78"]
[EventDate "1997.04.01"]
[EventType "tourn"]
[EventRounds "9"]
[EventCountry "ESP"]
[EventCategory "19"]
[SourceTitle "CBM 059"]
[Source "ChessBase"]
[SourceDate "1997.08.01"]
[SourceVersion "1"]
[SourceVersionDate "1997.08.01"]
[SourceQuality "1"]

1. e4 {Karpov} c6 2. d4 d5 3. e5 Bf5 4. Nf3 e6 5. a3 {[%csl Gc3,Rc4,Gc5,Rc6,
Gd4,Rd5,Ge3,Re4,Ge5,Re6] /\5... c5 6.d:c5 B:c5 7.b4; 5... c5 6.c4} (5. Nbd2 Nd7
6. Nb3 Rc8 7. Be3 f6 $11 {0-1 Horre,E-Reuter,A/Koblenz op 1990 (26)}) (5. b3 c5
6. Bb5+ Nc6 7. Bxc6+ bxc6 8. O-O Bg4 $15 {0-1 Michels,G-Weia,B/Koblenz op 1990
(16)}) (5. Nc3 c5 6. Be3 Nc6 7. dxc5 Bg4 8. h3 Bxf3 9. Qxf3 Nge7 10. Nb5 Nxe5
11. Qg3 N7c6 12. f4 $14 {1/2-1/2 Tolnai,T-Navarovszky,L/BL-HUN 1991 (24)}) 5...
Ne7 {[%cal Re7c6,Rc6e5,Rc6d4,Re7f5,Rf5d4]} (5... Nd7 6. Be2 (6. Bd3 Bxd3 7.
Qxd3 Rc8 8. O-O c5 9. c3 Ne7 10. Re1 Qb6 11. Nbd2 Nf5 $11 {Petrovicova,
E-Tkacova,K/CSR-chJW 1990/1-0 (47)}) 6... Ne7 7. O-O c5 8. dxc5 $1 Nc6 9. b4
Ndxe5 (9... a5 10. b5 Ncxe5 11. Nd4 Bg6 12. c6 bxc6 13. bxc6 Nb8 14. Bb5 Qc8
15. f4 Nc4 16. f5 exf5 17. c7+ Nd7 18. Re1+ {1-0 Gutman,L-Schuster,B/Kassel op
1994}) 10. Nxe5 Nxe5 11. Bb2 $14) (5... c5 6. Bb5+ (6. c4 Nc6 7. Nc3 $13 {
Vistisen,L-Nielsen,T/DEN-chB 1989/1-0 (41)}) 6... Nd7 7. c3 a6 8. Bd3 Bxd3 9.
Qxd3 Qb6 $11 {0-1 Forstova,K-Molnarova,D/CZE-chW 1992 (37)}) (5... h6 6. Bd3
Bxd3 7. Qxd3 Nd7 8. O-O c5 $11 {Pepke,H-Weber,J/Baden Wuerttemberg-ch 1988/1/
2-1/2 (52)}) 6. Nbd2 (6. Nh4 Qb6 (6... Be4 {Karpov} 7. Nd2 Nf5 8. Nxe4 Qxh4) 7.
b4 $2 a5 $5 $36 {Orti,P-Irigoyen,P/Cajas op 1989/0-1 (47)} (7... Bxc2 8. Qxc2
Qxd4 9. Nf3 $44)) 6... Nd7 {[%cal Rd7c5,Rc5e4,Rd7e5]} (6... c5 7. dxc5 Nec6 8.
b4 $14) 7. Nh4 (7. Be2 f6 $5 (7... c5 8. c3 cxd4 9. cxd4 $11)) 7... c5 8. c3 a6
(8... cxd4 9. cxd4 Rc8 $11) (8... Bg6 {Karpov} 9. Nxg6 hxg6) 9. Nxf5 Nxf5 10.
Nf3 (10. g4 Nh4) 10... Rc8 (10... cxd4 {Karpov} 11. cxd4 Qb6 12. Be2 {/\12...
Be7 13.g4 Nh4 14.N:h4 B:h4 15.g5!}) 11. Bd3 (11. dxc5 Qc7 {[+]}) 11... cxd4 (
11... Nh4 {Karpov} 12. O-O (12. Ng5 $1 Nxg2+ $2 13. Kf1 Nh4 14. Qh5 Ng6 15.
Nxe6 (15. Nxf7)) 12... Nxf3+ 13. Qxf3 Be7) 12. Bxf5 exf5 13. Nxd4 $14 {[%cal
Gd4c6,Gd4e6,Gd4f5]} (13. Qxd4 {Karpov}) 13... g6 (13... Nxe5 14. Nxf5 (14. Qe2
Qe7 15. O-O Nc6 $11) 14... Qd7 15. Ne3 Bc5 16. Nxd5 (16. Qxd5 Nd3+ 17. Kf1 Qxd5
18. Nxd5 Nxf2 19. Rg1 $15) 16... Rd8 17. c4 Nxc4 18. Qe2+ Kf8 19. Qxc4 Qxd5 $11
) 14. O-O (14. e6 {Karpov} fxe6 (14... Nc5 15. exf7+ (15. O-O Nxe6 16. Re1 Qd7
17. Qe2 Be7) 15... Kxf7 16. O-O Bg7 $14) 15. Nxe6 Qe7 16. Qe2 $14 (16. O-O))
14... Nc5 {[%csl Gb2,Yb3,Gb4,Gc3,Rc4,Yc6,Yd3,Gd4,Rd5,Yd6,Ge3,Re4,Ge5,Ye6,Gf2,
Yf4,Rf5,Yf6,Rf7,Rg6]} 15. Be3 (15. Qe2 Bg7 16. Rd1 O-O 17. c4 $132) 15... Bg7
16. Nf3 (16. f4 {><e4}) 16... O-O 17. Re1 Re8 18. Re2 (18. Bxc5 Rxc5 19. Qd4
Rc4 20. Qd2 Re4 21. Rad1 $13) (18. Bxc5 $16 {Karpov Short}) 18... Ne4 $15 19.
Qb3 (19. Qd3 {Karpov}) 19... b5 20. Rd1 (20. a4 $142) (20. a4 $14 {Karpov})
20... Rc4 (20... Bxe5 21. Rxd5 Bd6 22. Bf4 Qf6 23. Bxd6 Nxd6 $11) 21. Bd4 (21.
Nd2 Nxd2 22. Rexd2 Rxe5 23. Bd4 Re6 24. Bxg7 Kxg7 25. Rxd5 $4 (25. g3 Qe7 26.
Kf1 $15 (26. Rxd5 $4 Re1+ 27. Rxe1 Qxe1+ 28. Kg2 Qe4+ $19)) 25... Qxd5 $19)
21... Qb8 (21... Qd7 $5) 22. Rd3 (22. Nd2 Nxd2 23. Rexd2 Bxe5 24. Bxe5 Qxe5 25.
g3 Rd8 $15) 22... f4 {XBd4} 23. Qd1 (23. Re1 a5 24. Red1 a4 $13) 23... Rc6 24.
Ne1 (24. Nd2 $5) 24... Rce6 25. Nc2 (25. f3 Nd6) 25... Qb7 {/\Bg7:e5} 26. f3
Nd6 27. b3 Nf5 28. Qd2 (28. Red2) 28... h5 (28... g5 {Karpov} 29. g3 $5 fxg3
30. Qxg5 gxh2+ 31. Kh1 $1) 29. Re1 (29. Qxf4 $4 {Karpov} Bh6 $19) 29... a5 30.
Kf1 Qc7 31. Kg1 Kh7 32. b4 a4 33. Kf1 Qc4 $17 34. Kg1 Bxe5 35. Bxe5 Rxe5 36.
Rxe5 Rxe5 $19 37. Nd4 (37. Kf2 h4 38. Nd4 Re3 $19) 37... Re3 38. Rxe3 fxe3 39.
Qd1 Qxc3 (39... Qxc3 40. Nxf5 gxf5 41. Kf1 Qb2 42. Qe2 Qxa3 $19) 0-1

[Event "WchT 8th"]
[Site "Ningbo"]
[Date "2011.07.18"]
[Round "2.2"]
[White "Almasi, Zoltan"]
[Black "Grischuk, Alexander"]
[Result "0-1"]
[WhiteElo "2726"]
[BlackElo "2746"]
[Annotator "Kritz,L"]
[PlyCount "74"]
[EventDate "2011.07.17"]
[EventType "team-tourn"]
[EventRounds "9"]
[EventCountry "CHN"]
[SourceTitle "CBM 144"]
[Source "ChessBase"]
[SourceDate "2011.09.16"]
[SourceVersion "1"]
[SourceVersionDate "2011.09.16"]
[SourceQuality "1"]
[WhiteTeam "Hungary"]
[BlackTeam "Russia"]
[WhiteTeamCountry "HUN"]
[BlackTeamCountry "RUS"]

1. e4 c6 2. d4 d5 3. e5 {Heute hat dieser Zug den 3.Nc3 als Hauptvariante
abgeloest.} (3. Nc3 dxe4 4. Nxe4 Bf5 5. Ng3 Bg6 6. h4 h6 7. Nf3 Nd7 8. h5 Bh7
9. Bd3 Bxd3 10. Qxd3 e6 11. Bf4 Bb4+ 12. Bd2 Qa5 13. c3 Be7 14. c4 Qc7 $11 {
Das ist die Hauptproblemstellung, warum die Weißspieler zu 3.e5 gewechselt
sind.}) 3... Bf5 4. Nd2 {Es gibt auch viele Alternativen.} (4. Nc3 e6 5. g4 Bg6
6. Nge2 c5 $132 {führt zum schärfsten Spiel, das sehr unklar ist.}) (4. h4 h5
5. Bd3 Bxd3 6. Qxd3 e6 $11) (4. Nf3 e6 5. Be2 {gilt als Hauptvariante, doch
Schwarz kann mittels} c5 6. Be3 cxd4 7. Nxd4 Ne7 $11 {zum relativen Ausgleich
kommen, obwohl er noch genau spielen muss.}) 4... e6 5. Nb3 Nd7 (5... c5 $1 {
Der einfachste und direkteste Weg zum Ausgleich.} 6. dxc5 Bxc5 7. Nxc5 Qa5+ 8.
c3 Qxc5 9. Qa4+ Nd7 $1 {Das ist der wichtige Zug! Schwarz sollte nicht in das
Endspiel nach 9....Nc6 gehen.} (9... Nc6 10. Nf3 Nge7 11. Be3 Qa5 12. Qxa5 Nxa5
13. Nd4 $14 {Karjakin - Kamsky (Jermuk, 2009)}) 10. Nf3 Qc7 11. Bb5 $11) 6. Nf3
a6 {Schwarz muss ...c5 erst vorbereiten, er kann es nicht gleich spielen.} (
6... c5 7. dxc5 Nxc5 8. Nxc5 Bxc5 (8... Qa5+ 9. c3 Qxc5 10. Qa4+ $18) 9. Bb5+
$16) 7. Be2 {Stärker sieht 7.Be3 aus, wonach Schwarz es nicht so einfach hat, .
..c5 durchzusetzen.} (7. Be3 Ne7 (7... Rc8 8. c3 c5 9. dxc5 Nxc5 10. Nfd4 Bg6
11. Be2 Nh6 12. h4 Nxb3 13. axb3 $14 {Jakovenko - Eljanov (Odessa, 2010)}) 8.
Be2 Bg6 9. Nh4 Nf5 10. Nxf5 Bxf5 11. O-O Be7 12. f4 Bg6 13. Bd3 Bxd3 14. Qxd3
g6 15. a4 O-O 16. a5 $14 {Kosintseva,N - Paikidze (Moscow, 2010)}) 7... c5 8.
dxc5 Bxc5 (8... Nxc5 9. Nfd4 Bg6 10. O-O $14 {Die weiße Stellung ist etwas
angenehmer zu spielen, wobei Schwarz mit präzisen Zügen noch ausgleichen
sollte.}) 9. Nxc5 Nxc5 10. O-O {Zu beachten ist auch 10.Nd4, obwohl Schwarz
danach keine großen Schwierigkeiten hat.} (10. Nd4 $5 Bg6 11. O-O Ne7 12. Be3
Qc7 13. f4 Nf5 14. Nxf5 Bxf5 15. Rc1 b5 16. c4 bxc4 17. Bxc4 dxc4 18. Rxc4 O-O
19. Rxc5 Qb7 $44 {Kosintseva - Paikidze (Moscow, 2010)}) 10... Ne7 11. Nh4 {
Der Versuch mit schnellem c4 durchzukommen bringt nichts:} (11. Be3 Rc8 12. c4
(12. Rc1 b5 $1 $11) 12... dxc4 13. Qxd8+ Kxd8 14. Bxc4 Na4 15. b3 Nb2 $1 $11)
11... Be4 {Es ist immer gut die Schwächung f3 zu provozieren.} 12. f3 Bg6 13.
Be3 Rc8 14. c3 b5 $1 $11 {Weiß kann weder a4 noch c4 spielen, auch der
typische Anlauf des f-Bauern ist kaum zu realisieren.} 15. Re1 (15. Nxg6 hxg6
16. f4 Nf5 17. Bf2 Ne4 18. Qe1 g5 $1 $15) 15... Na4 $2 {Solche Züge muss man
immer vorsichtig machen - der Springer steht am Brettrand sehr verdächtig.} 16.
Qd2 Nc6 {Die schwarzen Figuren laufen in die falsche Richtung.} (16... Nb6 17.
b3 $16) 17. Nxg6 {Jetzt gibt es keine Gefahr am Königsflügel mehr.} hxg6 18. f4
Na5 19. Bd4 Nc4 20. Bxc4 dxc4 {Der Springer a4 ist völlig abgeschnitten.} 21.
Qf2 Qh4 {Weiß hätte nun großen Vorteil mit dem Damentausch bekommen können.}
22. g3 (22. Qxh4 $1 Rxh4 23. g3 Rh8 24. b3 $1 Nc5 (24... cxb3 25. axb3 Nxc3 26.
Rxa6 $16) 25. Reb1 $1 Nd3 26. a4 $16) 22... Qe7 23. Rad1 O-O {Nun stellt sich
heraus, dass der Läufer d4 noch schlechter ist als der Springer a4, weil
Letzterer den Bauern b2 angreift und der Läufer so gut wie keine Funktion auf
dem Brett hat.} 24. Rd2 Rfd8 25. Red1 Rd5 26. Be3 $1 {Weiß muss die Türme
sofort tauschen, sonst baut Schwarz mittels Turmverdoppelung Druck auf der
d-Linie auf.} Rxd2 27. Qxd2 Qb7 {Das Problem von Weiß ist, dass seine Dame an
die Verteidigung des Bauern b2 gebunden ist.} 28. Kf2 $6 (28. Qf2 Qe4 29. Bb6
Nxb6 30. Qxb6 Qc2 31. Rd8+ Rxd8 32. Qxd8+ Kh7 33. Qh4+ $11 {Das wäre wohl der
logische Schluss dieser Partie gewesen.}) 28... b4 $1 {Die Schwäche b2 wird
immer offensichtlicher.} 29. Qc2 (29. cxb4 $4 c3 30. bxc3 Nxc3 31. Rc1 Ne4+ $19
) 29... Qb5 30. cxb4 Qxb4 31. b3 Nb6 32. Rd4 Qb5 33. h4 $4 {Wie man den Bauern
so leicht na c3 marschieren lassen kann, ist die große Frage... Vermutlich
waren beide Spieler in Zeitnot, daher die vielen Fehler am Ende der Partie.} (
33. bxc4 Nxc4 34. Qd3 Qb2+ 35. Qe2 $11) 33... c3 $17 34. a4 (34. Qe2 Qa5 $17)
34... Qa5 $4 (34... Qc6 $1 35. Qe4 Qxe4 36. Rxe4 Nd5 $17) 35. Re4 $4 (35. Qd3
$1 Nd5 (35... c2 36. Rd8+ Rxd8 37. Qxd8+ Kh7 38. Qc7 $16) 36. Rc4 Rxc4 37. Qxc4
$16) 35... Rd8 $2 (35... Nd5 36. Rc4 Rxc4 37. bxc4 Nxe3 38. Kxe3 Qc5+ 39. Kd3
Qg1 40. Kxc3 Qxg3+ 41. Qd3 Qxf4 $15) 36. Bxb6 $4 {Verliert endlich.} (36. Ke2
$1 Rc8 37. Bxb6 Qxb6 38. Rc4 $14) 36... Qxb6+ 37. Kf3 Qc6 0-1

[Event "WchT 8th"]
[Site "Ningbo"]
[Date "2011.07.25"]
[Round "8.1"]
[White "Grischuk, Alexander"]
[Black "Roiz, Michael"]
[Result "1-0"]
[WhiteElo "2746"]
[BlackElo "2669"]
[Annotator "Marin,M"]
[PlyCount "89"]
[EventDate "2011.07.17"]
[EventType "team-tourn"]
[EventRounds "9"]
[EventCountry "CHN"]
[SourceTitle "CBM 144"]
[Source "ChessBase"]
[SourceDate "2011.09.16"]
[SourceVersion "1"]
[SourceVersionDate "2011.09.16"]
[SourceQuality "1"]
[WhiteTeam "Russia"]
[BlackTeam "Israel"]
[WhiteTeamCountry "RUS"]
[BlackTeamCountry "ISR"]

1. e4 c6 2. d4 d5 3. e5 Bf5 4. Nf3 e6 5. Be2 c5 6. Be3 Nd7 (6... Qb6 7. Nc3 Nc6
8. O-O Qxb2 9. Qe1 cxd4 10. Bxd4 Nxd4 11. Nxd4 Bb4 12. Rb1 Bxc3 13. Rxb2 Bxe1
14. Rxe1 b6 15. Bb5+ Kf8 16. Nxf5 exf5 17. Rb3 Ne7 18. Rc3 {It is curious that
Black repeated Ivanchuk's play in a disastrous game for him.} Rc8 $146 {
This was mentioned by Kritz as insatisfactory.} (18... a6 {Gashimov,V (2733)
-Ivanchuk,V (2764)/Reggio Emilia 2011/CBM 140/[Kritz] (1-0, 27)}) 19. Rxc8+
Nxc8 20. Rd1 Ne7 21. f4 $5 (21. c4 $16 {Kritz}) 21... g5 22. fxg5 h6 23. c4 $1
{It becomes clear that Black's preparation had a bug somewhere.} hxg5 (23...
dxc4 24. Rd8+ Kg7 25. Rd7 Kf8 26. gxh6 Rxh6 27. Bxc4 $16) 24. cxd5 Ng6 25. Rf1
f4 26. d6 Kg7 (26... Nxe5 27. Rc1 Kg7 28. d7 f6 29. Rc8 Nf7 30. Re8 Nd8 31. Kf2
$18) 27. Re1 Nf8 28. Bd3 Ne6 29. Bf5 Nd4 30. Bg4 Re8 31. Kf2 $16 {Svidler,P 
(2739)-Postny,E (2618)/Ningbo 2011/ (1-0, 37)}) 7. Nbd2 Ne7 8. c4 Nc6 9. O-O
Be7 $146 (9... cxd4 10. Nxd4 Nxd4 11. Bxd4 dxc4 12. Nxc4 Be4 13. Bf3 $36 {
Efimenko,Z (2648)-Pribeanu,D (2277)/Turin 2006/CBM 113 (1-0, 23)}) 10. cxd5
exd5 11. dxc5 O-O 12. Nb3 Ndxe5 13. Nxe5 Nxe5 14. Nd4 Bd7 15. Qb3 Bxc5 16. Qxd5
Bxd4 17. Bxd4 Nc6 18. Bc3 Be6 19. Qc5 $16 {The bishop's pair in this kind of
positions is a very dangerous weapon. White's advantage is not diminished by
exchanges at all.} Re8 20. Rfd1 Qe7 21. Qxe7 Rxe7 22. Rd2 Rd8 23. Rxd8+ Nxd8
24. Rd1 Rd7 25. Rxd7 Bxd7 26. f3 Ne6 27. Kf2 Bc6 28. Ke3 Bd5 29. a4 f5 30. g3
Kf7 31. b4 a6 32. Be5 g6 33. g4 Bb3 34. gxf5 gxf5 35. a5 Bd5 36. Bd3 Kg6 37. h4
h5 38. f4 Bc6 39. Kd2 Bb5 40. Bc2 Nd8 41. Bb3 Be8 42. Kc3 Nc6 43. Bd5 Bf7 44.
Bf3 Be6 45. Bc7 1-0